Nomi dei calciatori - Quiz n°65 - Statistics

Statistiche generali
  • Questo quiz è stato fatto 31 volte
  • Il punteggio medio è 9 su 10
Statistiche sulle risposte
Hint Risposta % Corretto
Griezmann Antoine
96%
Mahrez Riyad
96%
Busquets Sergio
96%
Grealish Jack
93%
Orsolini Riccardo
93%
Agüero Sergio
93%
Sorrentino Stefano
93%
Diawara Amadou
89%
Ansaldi Cristian
81%
Kolašinac Sead
74%
Nessun quiz corrispondente trovato
Distribuzione punteggi
Percentuale di utenti per punteggio
Percentile per numero di risposta
I tuoi punteggi nel tempo
Non hai fatto questo quiz